| 000 | 00385nam a2200133Ia 4500 | ||
|---|---|---|---|
| 008 | 240624s9999 xx 000 0 und d | ||
| 041 | _aeng | ||
| 082 | _a378 DHA | ||
| 100 | _aDHARASKAR RAJIV V | ||
| 245 | _aSTRATEGY TO DEVELOP WORLD CLASS UNIVERSI | ||
| 260 |
_c2013 _aNew Delhi _bShroff Publishers & Distributors Pvt Ltd |
||
| 300 | _axxxiv, : 465 : p. : cm. ; 22 | ||
| 365 |
_cRS _b30 |
||
| 999 |
_c27091 _d27091 |
||